Culture Générale - Série 2338 - Statistiques

Statistiques générales
  • Ce quiz a été pris 116 fois
  • Le résultat moyen est 4 sur 10
Statistiques - réponses
Question Réponse % Correct
De quel état des Etats Unis Juneau est-elle la capitale ? Alaska
71%
Quelle est la plus grande île volcanique du monde ? Islande
53%
Qui a écrit "L'herbe rouge" en 1950 ? prénom et nom Boris Vian
46%
Quelle actrice française a incarné "Angélique"dans la série cinématographique à succès des Angélique dans les 1960 ? prénom et nom Michèle Mercier
46%
Comment appelle-t-on également le renard polaire ? 6 lettres commençant par " i " isatis
44%
Dans quelle ville trouve-t-on le pont Verrazzano-Narrows ? voir photo New York
31%
Quel chanteur a été maire de 1989 à 2014 de la commune de Précy-sur-Marne en Seine-et-Marne ? prénom et nom Yves Duteil
30%
Ce verbe de 7 lettres commençant par " m " est synonyme de "lésiner" ? mégoter
24%
Quelle est la capitale de l'archipel britannique des Bermudes ? Hamilton
20%
Jeune homme qui se fait remarquer par ses manières trop galantes (familier et péjoratif) - 10 lettres commençant par " g " godelureau
14%
Aucun quiz correspondant
Distribution des résultats
% des personnes avec chaque résultat
Percentile par nombre de réponses
Votre historique - résultats
Vous n’avez pas pris ce quiz